Verejné knižnice v novej Európe

Autor sa zamýšľa nad množstvom závažných otázok (či budú existovať knižnice, ako budú vyzerať, aké služby majú poskytovať, ako sa vysporiadajú so záplavou informácií a pod.), ktoré už dlhšie znepokojujú odborníkov - knihovníkov. Vysvetľuje, že ich obavy majú korene v nástupe nových informačných tech...

Full description

Bibliographic Details
Main Author: Papp, István (Author)
Other Authors: Šleisová, Monika (730)
Format: Article
Language:Slovak

MARC

LEADER 00000nab a2200000 a 4500
001 vtls001507070
003 SK-MaSNL
005 20260304134240.0
008 250505s1999 xo 000 0 slo
035 |a SPKCL9397 
035 |a urn:nbn:sk:snk-ab6iz9 
035 |a (uuid)26482a3d-1a83-4c23-92af-d7cead0e8386 
035 |a (urnnbn)urn:nbn:sk:snk:ar-004ez7 
040 |a SNKBUCL  |b slo  |c SNKBUCL  |e AACR2 
041 0 |a slo 
044 |a xo  |c SK 
080 |a 027.4(4)  |2 1981 
100 1 |a Papp, István  |4 aut  |9 636686 
245 1 0 |a Verejné knižnice v novej Európe  |c István Papp; Monika Šleisová 
520 |a Autor sa zamýšľa nad množstvom závažných otázok (či budú existovať knižnice, ako budú vyzerať, aké služby majú poskytovať, ako sa vysporiadajú so záplavou informácií a pod.), ktoré už dlhšie znepokojujú odborníkov - knihovníkov. Vysvetľuje, že ich obavy majú korene v nástupe nových informačných technológií, Internetu a v globalizácii, nakoľko tieto fenomény môžu spôsobiť zánik verejných knižníc a profesie knihovníka. On sa domnieva, že verejným knižniciam ako kultúrnym a spoločenským inštitúciám likvidácia nehrozí. Naznačuje ich perspektívy v informačnej spoločnosti. Poukazuje na možnosť ich pôsobenia ako integračného faktora informačného systému a vyzdvihuje ich význam aj v oblasti vzdelávania. 
700 1 |a Šleisová, Monika  |4 730  |9 306389 
773 0 |t Knižnice a informácie  |g Roč. 31, č. 10 (1999) s. 385-387 
850 |a Slovenská národná knižnica 
852 |a Slovenská národná knižnica 
954 |a odborná, vedecká literatúra pôvodná (slovenská)  |2 lita 
958 |a article2022 
958 |a OND 
958 |a EUIPO 
999 |c 2905913  |d 2907843